| 000 | 00901cam a2200289 4500 | ||
|---|---|---|---|
| 999 |
_c329181 _d329181 |
||
| 001 | 4568374 | ||
| 003 | Nust | ||
| 005 | 20170426110051.0 | ||
| 008 | 740823s1975 nyu 000 1 eng | ||
| 010 | _a 74001892 | ||
| 020 | _a0060732806 | ||
| 040 |
_aDLC _cDLC _dDLC |
||
| 041 | 1 | _aengspa | |
| 050 | 0 | 0 |
_aPZ4.V297 _bCo _aPQ8498.32.A65 |
| 082 | 0 | 0 | _a863.64 VAR |
| 100 | 2 |
_aVargas Llosa, Mario, _d1936- |
|
| 240 | 1 | 0 |
_aConversación en la catedral. _lEnglish |
| 245 | 1 | 0 |
_aConversation in the cathedral. _cTranslated from the Spanish by Gregory Rabassa. |
| 260 |
_aNew York, _bHarper & Row _c2005 |
||
| 300 |
_a601 p. _c22 cm. |
||
| 350 | _a$12.50 | ||
| 650 | 0 |
_aPolitical corruption _xFiction. |
|
| 651 | 0 |
_aPeru _xFiction. |
|
| 655 | 7 |
_aPolitical fiction. _2lcsh |
|
| 906 |
_a7 _bcbc _corignew _d1 _eocip _f19 _gy-gencatlg |
||
| 942 |
_2ddc _cBK |
||